=LDR 00000nam 2200000 4500 =001 INLIS000000000020115 =005 20130612115111 =008 ***********************************Ind** =035 ##$$0010-061300000020115 =041 ##$$a Ind =082 ##$$a 297.9 =090 ##$$a 297.9, Sun s =100 ##$$a Sunanto, Musyfah =245 ##$$a Sejarah iskam klasik perkembangan ilmu pengetahuan islam, oleh Musrifah Sunanto =260 ##$$a 2004 $b Jakarta =300 ##$$a xi, 267 hlm, 21 cm =650 ##$$a Islam-Sejarah =850 ##$$a NBPNMAT